Sports Quiz

Random Sports or NBA Quiz

NBA: 20+ points and 10+ turnovers (2000's) Quiz Stats

 Plays Quiz not verified by Sporcle

Challenge
Share
Tweet
Embed
Score 0/28 Timer 06:00
1 Play Today
Points / Turnovers Player % Correct
44 / 10Lebron James
99.6%
41 / 12Dwayne Wade
99%
29 / 10Dwayne Wade
99%
39 / 11Kobe Bryant
98.9%
37 / 10Allen Iverson
98.3%
33 / 12Allen Iverson
98.3%
31 / 11Allen Iverson
98.3%
29 / 10Carmelo Anthony
95.1%
32 / 10Steve Nash
94.8%
20 / 10Steve Nash
94.8%
33 / 10Jason Kidd
94.2%
23 / 12Jason Kidd
94.2%
21 / 12Jason Kidd
94.2%
20 / 10Jason Kidd
94.2%
Points / Turnovers Player % Correct
35 / 12Paul Pierce
93.6%
37 / 11Monta Ellis
85%
21 / 11Dwight Howard
82.8%
21 / 12Gilbert Arenas
81.5%
36 / 11Amare Stoudemire
78.3%
21 / 10Andre Iguodala
73.2%
20 / 10Yao Ming
69.2%
32 / 11Jerry Stackhouse
64.5%
30 / 10Jerry Stackhouse
64.5%
23 / 11Mike Bibby
63.6%
26 / 11Richard Jefferson
59.7%
29 / 11Zydrunas Ilgauskas
33.4%
25 / 10Darren Collison
26.2%
20 / 10Al Thornton
13.7%

You're not logged in!

Compare scores with friends on all Sporcle quizzes.
Join for Free
OR
Log In

You Might Also Like...

Show Comments

Extras

Top Quizzes Today


Score Distribution

Your Account Isn't Verified!

In order to create a playlist on Sporcle, you need to verify the email address you used during registration. Go to your Sporcle Settings to finish the process.

Report this User

Report this user for behavior that violates our Community Guidelines.

Details: